000 01862nam a2200433Ii 4500
001 DIGOLEJNK0062
003 NyNyDIG
006 m o d
007 cr |||||||||||
008 220525s2021 cl o 000 0 spa d
035 _a(OCoLC)1335134902
040 _aDGITA
_beng
_erda
_epn
_cDGITA
020 _z9789564070513
043 _as-ag---
_ae-sp---
050 1 4 _aKHA5402 ebook
245 0 0 _aLa jurisdicción universal en el juicio al franquismo :
_bla querella argentina contra el genocidio en España /
_cEugenio Raúl Zaffaroni, Matías Bailone.
264 1 _aSantiago, Chile :
_bEdiciones Olejnik,
_c[2021]
300 _a1 online resource.
336 _atext
_btxt
_2rdacontent
337 _acomputer
_bc
_2rdamedia
338 _aonline resource
_bcr
_2rdacarrier
347 _atext file
_2rdaft
347 _bPDF
490 1 _aBiblioteca de derecho penal y política criminal. Colección Dr. Eugenio Raúl Zaffaroni
588 0 _aOnline resource; title from PDF title page (Digitalia, viewed May 25, 2022)
650 0 _aComplaints (Criminal procedure)
_zArgentina.
650 0 _aInternational criminal law.
650 0 _aWar victims
_zSpain
_xHistory
_y20th century.
655 0 _aElectronic books.
700 1 _aZaffaroni, Eugenio Raúl,
_eeditor.
700 1 _aBailone, Matías,
_eeditor.
791 2 _aDigitalia (Firm),
_edistributor.
793 0 _gDigitalia eBook Collection:
_aEdiciones Olejnik
776 0 8 _iPrint version:
_tJurisdicción universal en el juicio al franquismo.
_bPrimera edición en Ediciones Olejnik.
_dSantiago, Chile : Ediciones Olejnik, 2021
_z9789564070513
830 0 _aBiblioteca de derecho penal y política criminal.
_pColección Dr. Eugenio Raúl Zaffaroni.
856 4 0 _3Digitalia Hispánica
_uhttps://www.digitaliapublishing.com/a/104232/
910 _aPremium collection: 2022
942 _cRAA
999 _c270192
_d270192